[Event "Pan American-ch U12"]
[Site "Guayaquil"]
[Date "2019.07.25"]
[Round "7"]
[White "Reyna Santiago, Juan Pablo"]
[Black "Sanchez Garcia, Ivan A"]
[Result "1/2-1/2"]
[WhiteElo "1206"]
[BlackElo "1437"]
[PlyCount "31"]
[EventDate "2019.07.21"]
[EventType "swiss"]
[EventRounds "9"]
[EventCountry "ECU"]
[SourceTitle "EXT 2020"]
[Source "ChessBase"]
[SourceDate "2019.10.17"]
[SourceVersion "1"]
[SourceVersionDate "2019.10.17"]
[SourceQuality "1"]

1. d4 f5 2. Bg5 Nf6 3. Bxf6 exf6 4. e3 Be7 5. Bc4 d5 6. Be2 Bd6 7. Nf3 f4 8. c4 fxe3 9. fxe3 c5 10. Nc3 dxc4 11. Bxc4 Qe7 12. Qe2 Nc6 13. a3 Bf5 14. 0-0 cxd4 15. exd4 Qxe2 16. Nxe2 1/2-1/2